LEADER 01337nam a2200253 4500 001 000000343089 003 CaOOAMICUS 005 20230320151038.0 008 201124s2020 it a 000 u ita r 020 $a978-88-311-5533-5 040 $aSeMil$bita 100 1 $aTomasi, Silvano Maria,$c.$0(OLS)http://semarc/name/69472 245 10$aPionieri nella solidarietà con i migranti :$bGiovanni Battista Scalabrini e Francesca Saverio Cabrini /$cSilvano M. Tomasi, Gabriele F. Bentoglio. 264 1$aRoma :$bCittà Nuova,$c2020. 300 $a455 p. :$bill. ;$c21 cm 650 4$aScalabrini, Giovanni Battista - Lettere e carteggi.$0(OLS)http://semarc/subject/10059 650 04$aCabrini, Francesca Saverio - Lettere e carteggi.$0(OLS)http://semarc/subject/49681 700 1 $aBentoglio, Gabriele.$0(OLS)http://semarc/name/36973 850 $aSeMil 852 $aSeMil$W1$xVenegono$y1$m3H II 535$j222584$B234067$CSeMilBibl$Z2$F234067 $81 996 $6020$a978-88-311-5533-5$9(OLS)http://semarc/number/291710 996 $6245$aPionieri nella solidarietà con i migranti :$bGiovanni Battista Scalabrini e Francesca Saverio Cabrini$9(OLS)http://semarc/title/432051 996 $6264$aRoma :$bCittà Nuova$9(OLS)http://semarc/publisher/29609 LEADER 01034nam a2200241 i 4500 001 000000225934 003 CaOOAMICUS 005 20230918144907.0 008 131224s1970 it u000 u ita u 013 $a204836 040 $aSeMil$bita 100 1 $aCarosi, Paolo Gabriele .$0(OLS)http://semarc/name/47056 245 10$aBadia di Subiaco :$bstoria, arte, vita /$cG. Paolo Carosi. 260 $aSubiaco :$bS. Scolastica,$c1970. 300 $a143 p., [8] c. di tav. :$bill. ;$c20 cm. 650 4$aSubiaco - Abbazia territoriale di Subiaco.$0(OLS)http://semarc/subject/54414 650 4$aSubiaco - Monasteri benedettini.$0(OLS)http://semarc/subject/23290 850 $aSeMil 852 $aSeMil$W1$xVenegono$y1$m3P I 273$j176280$B176280$CSeMilBibl$Z2$F187631 $81 961 $aOmaggio: Grampa dott. Cesare 996 $6245$aBadia di Subiaco :$bstoria, arte, vita$9(OLS)http://semarc/title/323584 996 $6260$aSubiaco :$bS. Scolastica$9(OLS)http://semarc/publisher/49964